What's the use of economics? teaching the dismal science after the crisis

Guardado en:
Detalles Bibliográficos
Otros Autores: Coyle, Diane
Formato: Libro
Lenguaje:inglés
Publicado: London London Publishing Partnership 2012
Materias:
Etiquetas: Agregar Etiqueta
Sin Etiquetas, Sea el primero en etiquetar este registro!

MARC

LEADER 00000nam a2200000 4500
001 0166662
005 20221207093937.5
020 |a 978-1-907994-04-3 
041 0 |a eng 
044 |a GB 
245 1 0 |a What's the use of economics?  |b teaching the dismal science after the crisis  |c edited by Diane Coyle 
264 1 |a London  |b London Publishing Partnership  |c 2012 
300 |a xx, 197 s. 
610 2 0 |a ekonómia 
610 2 0 |a ekonomika nová 
610 2 0 |a teórie ekonomické 
610 2 0 |a makroekonomika 
610 2 0 |a vzdelanie ekonomické 
610 2 0 |a kríza hospodárska 
610 2 0 |a kríza finančná 
610 2 0 |a Veľká Británia 
700 1 |a Coyle, Diane